| 000 | 00687nam a2200241Ia 4500 | ||
|---|---|---|---|
| 003 | OSt | ||
| 005 | 20221007080911.0 | ||
| 006 | a|||||r|||| 00| 0 | ||
| 007 | ta | ||
| 008 | 221006b |||||||| |||| 00| 0 eng d | ||
| 024 | _a11,037 | ||
| 037 | _cTextual | ||
| 040 |
_aFLL _cFLL _beng |
||
| 041 |
_2eng _aeng |
||
| 082 | _aToy1.73.N, H5 | ||
| 100 |
_aConant James Bryant Au. _9695819 |
||
| 245 | 0 | _aGeneral education in a free society | |
| 260 |
_aNew York _bHarvard university press U.S.A. _c1952 |
||
| 300 |
_axix,267p _ccm. |
||
| 650 |
_aGeneral education _9695820 |
||
| 942 |
_hToy1.73.N, H5 _cTEXL _2CC |
||
| 999 |
_c1161288 _d1161288 |
||